000 00525nam a2200181Ia 4500
001 4655
005 20260306145812.0
008 260306t2005||||xx |||||||||||||| ||spa||
041 _aESP
082 _a330
_bC24
100 _aCampanario, Sebástian
_eAUT
245 0 _aLa economía de lo insólito:
_blos descubrimientos que hoy revolucionan el mundo de los negocios y las políticas de los gobiernos
260 _c2005
300 _a284 páginas :
_c20 cm.
650 _aGEN
654 _aCAN
942 _cLIB
_dJUS
_fJUS
_2ddc
_n
999 _c4655
_d4655